| 000 | 01447na a2200373 4500 | ||
|---|---|---|---|
| 001 | 18116 | ||
| 003 | MIRAKIL | ||
| 005 | 20181213155130.0 | ||
| 008 | 161111b tu 000 0 | ||
| 035 | _a18116 | ||
| 040 |
_aMilas _btur _cTR-AnCHP |
||
| 041 | _atur | ||
| 082 |
_aCHP 324.2372 _bÖ95c 1999 |
||
| 090 | _aCHP 324.2372 Ö95c 1999 | ||
| 100 |
_aÖymen, Altan _cCHP Genel Başkanı |
||
| 111 |
_aCHP Olağanüstü Kurultayı _cAnkara _d26 Haziran 1999 _n10. |
||
| 222 | _aCHP Genel Başkanı Altan Öymen'in 10. Olağanüstü Kurultay konuşması | ||
| 245 |
_aCumhuriyet Halk Partisi Genel Başkanı Altan Öymen'in 10. olağanüstü kurultay konuşması _b26 Haziran 1999, Ankara _c[Cumhuriyet Halk Partisi] |
||
| 246 | _aCHP 10. Olağanüstü Kurultayı | ||
| 246 | _a10. Olağanüstü Kurultay genel başkan konuşması | ||
| 260 |
_aAnkara _bCHP _c1999 |
||
| 300 |
_a16 s. _c29 sm. |
||
| 490 | _aCumhuriyet Halk Partisi yayınları | ||
| 600 |
_aÖymen, Altan _cCHP Genel Başkanı _xKurultay konuşmaları |
||
| 610 |
_aCumhuriyet Halk Partisi _xKurultay konuşmaları |
||
| 610 |
_aCumhuriyet Halk Partisi _xOlağanüstü kurultaylar, 1999 |
||
| 651 |
_aTürkiye _xSiyaset ve yönetim _y1999-2002 |
||
| 657 | _aCHP olağanüstü kurultayları | ||
| 657 | _aCHP kurultayları | ||
| 740 | _aCHP 10. Olağanüstü Kurultayı | ||
| 740 | _a10. Olağanüstü Kurultay | ||
| 830 | _aCHP yayınları | ||
| 942 |
_2dcc _cBKS |
||
| 999 |
_c7163 _d7163 |
||